000
00332 a2200157 4500
001
189975
020
_a
85-08-02991-8
040
_c
Magnum
100
_a
Junqueira, Sonia
240
1
0
_a
O peru de peruca
_l
por
245
1
0
_a
O peru de peruca
362
0
_a
1991
440
1
_a
Ática
697
_a
LITERATURA INFANTIL
942
_c
BK
999
_c
189975
_d
189975